书目信息 |
| 题名: |
材料科学研究方法
|
|
| 作者: | 戴起勋 , 赵玉涛 编著 | |
| 分册: | ||
| 出版信息: | 北京 国防工业出版社 2008.07 |
|
| 页数: | 254页 | |
| 开本: | 26cm | |
| 丛书名: | ||
| 单 册: | ||
| 中图分类: | TB3 | |
| 科图分类: | ||
| 主题词: | 材料科学--cai liao ke xue--研究方法--高等学校--教材 | |
| 电子资源: | ||
| ISBN: | 978-7-118-05816-1 | |
| 000 | 00942nam0 2200265 450 | |
| 001 | 012009637110 | |
| 005 | 20091015145436.06 | |
| 010 | @a978-7-118-05816-1@dCNY30.00 | |
| 100 | @a20091015d2008 em y0chiy0120 ea | |
| 101 | 0 | @achi |
| 102 | @aCN@b110000 | |
| 105 | @aa a 000yy | |
| 106 | @ar | |
| 200 | 1 | @a材料科学研究方法@Acai liao ke xue yan jiu fang fa@f戴起勋, 赵玉涛等编著@Fdai qi xun,zhao yu tao deng bian zhu |
| 205 | @a第2版 | |
| 210 | @a北京@c国防工业出版社@d2008.07 | |
| 215 | @a254页@c图@d26cm | |
| 320 | @a有书目 (第251-254页) | |
| 330 | @a本书主要包括:材料及研究方法的发展史,材料科学的共性,材料组成、制备、结构、性质、环境等要素音系统工程的有机联系,材料研究开发的基本科学方法等。 | |
| 606 | 0 | @a材料科学@Acai liao ke xue@x研究方法@x高等学校@j教材 |
| 690 | @aTB3@v4 | |
| 701 | 0 | @a戴起勋@Adai qi xun@4编著 |
| 701 | 0 | @a赵玉涛@Azhao yu tao@4编著 |
| 801 | 0 | @aCN@bQSSK@c20091015 |
| 905 | @b762744-46@dTB3@eD127@f3 | |
| 材料科学研究方法/戴起勋, 赵玉涛等编著.-第2版.-北京:国防工业出版社,2008.07 |
| 254页:图;26cm |
| ISBN 978-7-118-05816-1:CNY30.00 |
| 本书主要包括:材料及研究方法的发展史,材料科学的共性,材料组成、制备、结构、性质、环境等要素音系统工程的有机联系,材料研究开发的基本科学方法等。 |
| ● |
| 相关链接 |
|
|
|
正题名:材料科学研究方法
索取号:TB3/D127
 
预约/预借
| 序号 | 登录号 | 条形码 | 馆藏地/架位号 | 状态 | 备注 |
| 1 | 762744 | 207627442 | 自科库501/501自科库 8排2列3层/ [索取号:TB3/D127] | 在馆 | |
| 2 | 762745 | 207627451 | 自科库501/501自科库 8排2列3层/ [索取号:TB3/D127] | 在馆 | |
| 3 | 762746 | 207627460 | 自科库501/501自科库 8排2列3层/ [索取号:TB3/D127] | 在馆 |